Seattle Seahawks Receiving Leaders - Statistics

General Stats
  • This quiz has been taken 893 times
    75 since last reset
  • The average score is 10 of 51
Answer Stats
Answer % Correct
6,324 DK Metcalf
97%
8,594 Tyler Lockett
88%
13,089 Steve Largent
85%
6,563 Doug Baldwin
75%
2,342 Sherman Smith
68%
3,551 Jaxon Smith-Njigba
56%
2,195 Golden Tate
47%
2,109 Jermaine Kearse
47%
1,463 Sidney Rice
44%
1,309 Marshawn Lynch
41%
2,048 Jimmy Graham
37%
1,511 Shaun Alexander
34%
4,151 John L. Williams
24%
1005 Kenneth Walker III
24%
6,445 Darrell Jackson
22%
1,058 Paul Johns
22%
1,400 Noah Fant
19%
1,302 Paul Richardson
17%
7,620 Brian Blades
14%
4,457 Joey Galloway
14%
1,208 Luke Willson
12%
1,421 Will Dissly
12%
1,217 Charle Young
10%
1,342 Chris Warren
10%
1,467 Curt Warner
10%
3,567 Koren Robinson
10%
1,092 Zach Miller
10%
1,163 David Moore
8%
1,458 Jerramy Stevens
7%
1,209 Ben Obomanu
5%
2,347 Deion Branch
5%
1,519 John Carlson
5%
1,479 Kelvin Martin
5%
1,456 Mack Strong
5%
2,288 Mike Pritchard
5%
1,758 Nate Burleson
5%
1,911 Paul Skansi
5%
1,480 Ricky Watters
5%
4,859 Bobby Engram
3%
1,683 Christian Fauria
3%
1,940 Dan Doornink
3%
1,872 Daryl Turner
3%
1,743 Itula Mili
3%
1,172 James McKnight
3%
3,409 Sam McCullum
3%
1,723 Sean Dawkins
3%
1,017 Steve Raible
3%
1,093 Derrick Mayes
2%
1,394 D.J. Hackett
2%
1,058 Ray Butler
2%
2,034 Tommy Kane
2%
No matching quizzes found
Score Distribution
Percent of People with Each Score
Percentile by Number Answered
Your Score History
You have not taken this quiz since the last reset